Top 20 Ken Carson song - Statistics

General Stats
  • This quiz has been taken 32 times
  • The average score is 10 of 20
Answer Stats
# Album Score Song % Correct
8 A Great Chaos(Deluxe) 79 SS
96%
2 A Great Chaos 82 Fighting my Demon's
88%
3 Teen X 81 Yale
73%
12 A Great Chaos 76 Green Room
69%
1 A Great Chaos(Deluxe) 87 Overseas
69%
6 A Great Chaos 80 Jennifer's body
65%
10 A Great Chaos(Deluxe) 79 Mewtwo
62%
7 Project X 80 Rock N Roll
62%
16 A Great Chaos 73 Succubus
54%
9 A Great Chaos 79 i need u
50%
19 A Great Chaos 72 Paranoid
50%
20 A Great chaos(Deluxe) 72 Leather jacket
46%
5 Project X 80 Run + Ran
42%
14 A Great Chaos(Deluxe) 74 loading
38%
13 X 74 MDMA
38%
11 More Chaos 77 Off The Metter
35%
15 More Chaos 73 LiveLeak
31%
4 A Great Chaos 81 Me N My Cup
23%
18 Project X 72 Clutch
19%
17 Teen X: Relapsed 73 Teen x babe
19%
No matching quizzes found
Score Distribution
Percent of People with Each Score
Percentile by Number Answered
Your Score History
You have not taken this quiz